000 01089cam a22003371 4500
001 4199
003 FISKH
005 20240627084716.0
008 850926s1950 nyua j 000 1 eng
010 _a 50010185
020 _a9780394800813
040 _aDLC
_cDLC
_dDLC
_beng
042 _alcac
050 0 0 _aPZ8.3.S477
082 _a811
100 1 _aSeuss,
_cDr.
245 1 0 _aIf I ran the zoo /
_cby Dr. Seuss.
250 _aThis edition published in 1977
260 _aNew York :
_bRandom House,
_c1950.
300 _a54 unnumbered pages :
_bcolor illustrations ;
_c29 cm
505 _aR
520 _aIf Gerald McGrew ran the zoo, he'd let all the animals go and fill it with more unusual beasts--a ten-footed lion, an Elephant-Cat, a Mulligatawny, a Tufted Mazurka, and others.
521 8 _a750
_bLexile Adjusted
521 8 _aR
_bRaz-Plus
650 1 _aStories in rhyme.
650 1 _aZoos
_vFiction.
650 1 _aImaginary creatures
_vFiction.
906 _a7
_bcbc
_corignew
_du
_eocip
_f19
_gy-gencatlg
942 _2ddc
_cBK
_n0
999 _c4199
_d4199